Ethics in marketing (Record no. 4962)

MARC details
000 -CABECERA
campo de control de longitud fija 03669nam a2200361 i 4500
001 - NÚMERO DE CONTROL
campo de control ocn958962735
003 - IDENTIFICADOR DEL NÚMERO DE CONTROL
campo de control OCoLC
005 - FECHA Y HORA DE LA ÚLTIMA TRANSACCIÓN
campo de control 20260512145801.0
008 - DATOS DE LONGITUD FIJA--INFORMACIÓN GENERAL
campo de control de longitud fija 160916s2017 nyua b 001 0 eng
010 ## - NÚMERO DE CONTROL DE LA BIBLIOTECA DEL CONGRESO
Número de control de LC 2016029976
020 ## - NÚMERO INTERNACIONAL ESTÁNDAR DEL LIBRO
Número Internacional Estándar del Libro 9781138648081
020 ## - NÚMERO INTERNACIONAL ESTÁNDAR DEL LIBRO
Número Internacional Estándar del Libro 9781138648098
035 ## - NÚMERO DE CONTROL DEL SISTEMA
Número de control de sistema (OCoLC)958962735
040 ## - FUENTE DE LA CATALOGACIÓN
Centro catalogador/agencia de origen DLC
Lengua de catalogación eng
Normas de descripción rda
Centro/agencia transcriptor DLC
Centro/agencia modificador OCLCO
-- OCLCF
-- OCLCO
-- LTSCA
-- YDX
-- UOH
041 ## - CÓDIGO DE LENGUA
Código de lengua del texto/banda sonora o título independiente English
042 ## - CÓDIGO DE AUTENTICACIÓN
Código de autenticación pcc
049 ## - FONDOS LOCALES (OCLC)
Fondos de biblioteca UOHA
050 00 - SIGNATURA TOPOGRÁFICA DE LA BIBLIOTECA DEL CONGRESO
Número de clasificación HF5415
Número de documento/Ítem .M8348 2017
100 ## - ENTRADA PRINCIPAL--NOMBRE DE PERSONA
Nombre de persona Murphy, Patrick E.,
Fechas asociadas al nombre 1948-
Término indicativo de función/relación author.
9 (RLIN) 26106
245 10 - MENCIÓN DE TÍTULO
Título Ethics in marketing
Resto del título : international cases and perspectives
Mención de responsabilidad, etc. / written and edited by Patrick E. Murphy, Gene R. Laczniak and Fiona Harris.
250 ## - MENCIÓN DE EDICIÓN
Mención de edición Second edition.
264 #1 - PRODUCCIÓN, PUBLICACIÓN, DISTRIBUCIÓN, FABRICACIÓN Y COPYRIGHT
Producción, publicación, distribución, fabricación y copyright New York :
Nombre del de productor, editor, distribuidor, fabricante Routledge,
Fecha de producción, publicación, distribución, fabricación o copyright 2017.
300 ## - DESCRIPCIÓN FÍSICA
Extensión xii, 198 pages :
Otras características físicas illustrations ;
Dimensiones 25 cm.
504 ## - NOTA DE BIBLIOGRAFÍA, ETC.
Nota de bibliografía, etc. Includes bibliographical references and index.
505 ## - NOTA DE CONTENIDO CON FORMATO
Nota de contenido con formato Part 1 — Background<br/>— Foundational Perspectives for Ethical and Socially Responsible Marketing Decisions<br/>— Advanced Perspectives for Ethical and Socially Responsible Marketing Decisions<br/>— "Preserving the Venture" — A Sample Case Study with Frameworks and Ethical Analyses<br/><br/>Part 2 — Short Cases<br/>— Just a Friendly Request<br/>— Going Along to Get Along<br/>— Casas Bahia<br/>— Discount Drugstore: No Gifts Allowed?<br/>— Reference Prices in Retailing: What is a Fair Comparison?<br/>— Drug Testing in India<br/>— Starbucks China: The World’s Priciest Cup of Coffee<br/><br/>Part 3 — Intermediate Cases<br/>— Superior Services: Should Short Skirts Sell Software?<br/>— Tough Decisions: Something to Snack On<br/>— A Young Pharmacist’s Dilemma: Questionable Transactions<br/>— PETA<br/>— Zara & Fast Fashion<br/>— The Co-operative Bank of the UK<br/>— Counterfeits in Online Retailing: How They are Sold and What Can Be Done to Fight Back<br/>— Montenegro Electronics, Ltd.<br/><br/>Part 4 — Long Cases<br/>— The Coca-Cola Company: The Skinny on a Big Fat Problem<br/>— Auchan (France)<br/>— TOMS Shoes: One for One Movement<br/>— Facebook in the Developed and Developing World<br/>— VISA and FIFA: Everywhere You Want to Be?
520 ## - SUMARIO, ETC.
Sumario, etc. Understanding and appreciating the ethical dilemmas associated with business is an important dimension of marketing strategy. Increasingly, matters of corporate social responsibility are part of marketing's domain.<br/><br/>Ethics in Marketing contains 20 cases that deal with a variety of ethical issues such as questionable selling practices, exploitative advertising, counterfeiting, product safety, apparent bribery and channel conflict that companies face across the world. A hallmark of this book is its international dimension along with high-profile case studies that represent situations in European, North American, Chinese, Indian and South American companies. Well known multinationals like Coca Cola, Facebook, VISA and Zara are featured. This second edition of Ethics in Marketing has been thoroughly updated and includes new international cases from globally recognized organizations on gift giving, sustainability, retail practices, multiculturalism, sweat shop labor and sports sponsorship.<br/><br/>This unique case-book provides students with a global perspective on ethics in marketing and can be used in a free standing course on marketing ethics or marketing and society or it can be used as a supplement for other marketing classes.
650 #0 - PUNTO DE ACCESO ADICIONAL DE MATERIA--TÉRMINO DE MATERIA
Término de materia o nombre geográfico como elemento de entrada Marketing
Subdivisión general Moral and ethical aspects
9 (RLIN) 23367
650 #0 - PUNTO DE ACCESO ADICIONAL DE MATERIA--TÉRMINO DE MATERIA
Término de materia o nombre geográfico como elemento de entrada Marketing
Subdivisión general Case studies
Subdivisión de forma Case studies.
655 #0 - TÉRMINO DE INDIZACIÓN--GÉNERO/FORMA
Datos o término principal de género/forma Case studies
9 (RLIN) 23450
700 ## - ENTRADA AGREGADA--NOMBRE PERSONAL
Nombre de persona Laczniak, Eugene R.
Término indicativo de función/relación author.
9 (RLIN) 25915
700 ## - ENTRADA AGREGADA--NOMBRE PERSONAL
Nombre de persona Harris, Fiona J.
Forma completa/desarrollada del nombre (Fiona Jane),
Fechas asociadas al nombre 1967-
Término indicativo de función/relación author.
942 ## - ELEMENTOS DE ENTRADA AGREGADA (KOHA)
Fuente del sistema de clasificación o colocación Clasificación de Library of Congress
Holdings
Estado de retiro Estado de pérdida Fuente del sistema de clasificación o colocación Estado dañado No para préstamo Biblioteca de origen Biblioteca actual Fecha de adquisición Total de préstamos Signatura topográfica completa Fecha visto por última vez Número de copia Precio válido a partir de Tipo de ítem Koha Nota pública
    Clasificación de Library of Congress     TBS Barcelona TBS Barcelona 17/09/2025   HF5415 MUR 17/09/2025 1 17/09/2025 Book SOON AVAILABLE

Powered by Koha